000 00917nam a2200253 i 4500
001 62333
003 ES-MaACL
005 20250828062534.0
007 t|
008 031120s1951 ve ||||1| spa d
100 1 _aFelice Cardot, Carlos.
_949157
245 1 0 _aDécadas de una cultura
_b: origen y evolución de la educación secundaria en el Tocuyo.
250 _a[1ª ed.].
260 _aCaracas :
_bEdit. Avila Gráfica,
_c1951.
300 _a228 p. ;
_c23 cm.
510 _aCCPB,
_c001345109-X
650 7 _aEducación
_2embne
_912073
852 _aES-MaACL
_jD-6679
_bR.31327
_cSVI
852 _aES-MaACL
_jD-6615
_bR.31206
_bR.M.6204
_964694
_cSVI
_fSello en tinta azul de la Biblioteca del Ateneo de Madrid
942 _2udc
_cMONOGRAFIA
999 _c62333
_d62333